Conociendo las flores /

Florecimiento. Interrelaciones entre las plantas, los animales y el medio natural. Se observan dondiegos, barba de cabra, tulipanes, sauce común y flores silvestres.

Guardado en:
Autor Corporativo: Videopedia Britannica.
Formato: Deslizar
Materias:
Etiquetas: Agregar Etiqueta
Sin Etiquetas, Sea el primero en etiquetar este registro!
LEADER 00825ngm a22002175g 4500
001 CEM.cems021646
008 130507b199?##################0###0#####d
005 20240902192903.0
245 1 0 |a Conociendo las flores /  |c Videopedia Britannica. 
300 |a 11 
500 |a En soporte VHS, consultar en ventanilla. 
520 |a Florecimiento. Interrelaciones entre las plantas, los animales y el medio natural. Se observan dondiegos, barba de cabra, tulipanes, sauce común y flores silvestres. 
538 |a Soporte: VHS - Norma: Pal N - Color - Compra CEMS - Hitachi=0650 
110 2 |a Videopedia Britannica. 
082 5 8 |/ VID 
653 |a BOTANICA 
653 |a JARDINERIA 
653 |a FLORICULTURA 
653 |a FLORES 
653 |a NIVEL SECUNDARIO 
859 |a CEMS  |b BIB. CEMS - Depto. Recursos Didacticos  |h 580  |i VID  |k DRD  |p 289.12  |t Ej.1